Feather in a C.A.P. : (Record no. 144951)

MARC details
000 -LEADER
fixed length control field 00529nam a22001697a 4500
010 ## - LCCN (DPL NO)
LC control number ENG-120710
020 ## - INTERNATIONAL STANDARD BOOK NUMBER
Terms of availability 130.00
International Standard Book Number 9788179663394
035 ## - SYSTEM CONTROL NUMBER
System control number EN-104242
037 ## - SOURCE OF ACQUISITION
Source of stock number/acquisition DBAD/PUB
082 ## - DEWEY DECIMAL CLASSIFICATION NUMBER
Classification number S
100 ## - MAIN ENTRY--PERSONAL NAME
Personal name Subramanian, kamlesh
245 ## - TITLE STATEMENT
Title Feather in a C.A.P. :
Statement of responsibility, etc by Kamlesh Subramanian
Remainder of title a corprate vikram vedhal story management /
260 ## - PUBLICATION, DISTRIBUTION, ETC. (IMPRINT)
Place of publication, distribution, etc Chennai
Name of publisher, distributor, etc Emerald Publishers
Date of publication, distribution, etc 2016
270 ## - ADDRESS
Address 15A, First Floor, Case Major Road, Egmore,
City Chennai
Postal code 600008
300 ## - PHYSICAL DESCRIPTION
Extent 71p.
Other physical details 22cm(pbk).
942 ## - ADDED ENTRY ELEMENTS (KOHA)
Source of classification or shelving scheme Dewey Decimal Classification
Item type English Books
Classification part S
Call number suffix SUB
Holdings
Withdrawn status Lost status Not for loan Collection code Home library Current library Date acquired Source of acquisition Cost, normal purchase price Full call number Barcode Copy number Cost, replacement price Koha item type
    Not For Loan Fiction D.B.Act.Division Bawana 19/09/2017 DBAD/PUB 130.00 S SUB EN-104242 1 130.00 English Books

© Delhi Public Library
Hit Counter
free hit counter